| 000 | 01074nam a2200289Ia 4500 | ||
|---|---|---|---|
| 001 | ebr10739179 | ||
| 003 | CaPaEBR | ||
| 006 | m o u | ||
| 007 | cr cn||||||||| | ||
| 008 | 130801s2013 enk s 001 0 eng d | ||
| 020 | _z9780615644097 | ||
| 020 | _z9780615761466 | ||
| 040 |
_aCaPaEBR _cCaPaEBR |
||
| 035 | _a(OCoLC)857070545 | ||
| 050 | 1 | 4 |
_aRD705 _b.A73 2013eb |
| 100 | 1 | _aArafiles, Ruben P. | |
| 245 | 1 | 0 |
_aAdvanced orthopaedics _h[electronic resource] : _bprinciples and techniques / _cRuben P. Arafiles. |
| 260 |
_a[Bradford : _bEmerald Group Publishing Limited, _c2013] |
||
| 300 | _av, 229 p. | ||
| 500 | _aIncludes index. | ||
| 533 |
_aElectronic reproduction. _bPalo Alto, Calif. : _cebrary, _d2013. _nAvailable via World Wide Web. _nAccess may be limited to ebrary affiliated libraries. |
||
| 650 | 0 | _aOrthopedics. | |
| 650 | 0 | _aSurgery. | |
| 655 | 7 |
_aElectronic books. _2local |
|
| 710 | 2 | _aebrary, Inc. | |
| 856 | 4 | 0 |
_uhttp://site.ebrary.com/lib/rucke/Doc?id=10739179 _zAn electronic book accessible through the World Wide Web; click to view |
| 999 |
_c150637 _d150637 |
||